[Event "COL-ch U20 Girls"]
[White "Carballal Palao, Jessica"]
[Black "Salcedo Paez, Diana"]
[Site "Bogota"]
[Round "4.7"]
[Result "0-1"]
[Date "2008.05.25"]
[WhiteElo "1630"]
[BlackElo "2116"]
[PlyCount "90"]
[EventDate "2008.05.23"]
[EventType "swiss"]
[EventRounds "7"]
[EventCountry "COL"]
[SourceTitle "EXT 2024"]
[Source "ChessBase"]
[SourceDate "2023.10.10"]
[SourceVersion "1"]
[SourceVersionDate "2023.10.10"]
[SourceQuality "1"]

1. e4 e5 2. Nc3 Nc6 3. Nf3 Nf6 4. Bc4 Nxe4 5. Bxf7+ Kxf7 6. Nxe4 d5 7. Ng3 e4 8. Ng1 Bc5 9. f3 Qf6 10. d3 Qd4 11. Qe2 exd3 12. Qxd3 Nb4 13. Qxd4 Nxc2+ 14. Kd2 Nxd4 15. N1e2 Re8 16. Nxd4 Bxd4 17. Kd3 Bf6 18. Rb1 h5 19. Kd2 g6 20. Re1 Bd7 21. b3 h4 22. Ne2 Bf5 23. Bb2 Bxb1 24. Bxf6 Bxa2 25. Bxh4 Bxb3 26. Rb1 Bc4 27. Nd4 b6 28. Bg5 c5 29. Nc6 d4 30. Bf4 Kf6 31. Nxa7 Rxa7 32. Rxb6+ Re6 33. Rxe6+ Kxe6 34. g4 Ra2+ 35. Kc1 Rf2 36. Bc7 Rxf3 37. Bb6 Kd6 38. Ba7 Rf2 39. Kd1 d3 40. Bb8+ Kd5 41. Bg3 Rg2 42. g5 Ke4 43. Be1 Rg1 44. Kd2 Rxe1 45. Kxe1 Ke3 0-1